000 00296 a2200121 4500
000 nam a22 7a 4500
005 20260210155634.0
020 _a9788197346200 (hbk)
100 _aAnwar Jamal
_91114892
245 _aNazaryat-e-falsafa
260 _bMatterlink Publishers
_c2024
942 _cTB
999 _c1679126
_d1679126